00245nam a2200085Ia 4500008004100000100002300041245004400064260004200108260000900150170620s9999 xx 000 0 und d aMukalel- Joseph C. 0aApproaches to English Language Teaching bNew Delhi- Discovery Publishing House c2004